|
|
|
|
| LEADER |
00000nam a22000007a 4500 |
| 005 |
20220718221330.0 |
| 007 |
cr|||| |||| |
| 008 |
220718s2020 br |||||s|||| 00||0 por d |
| 020 |
|
|
|a 978-85-93741-59-3
|
| 035 |
|
|
|a 36721
|
| 040 |
|
|
|a vLex
|
| 090 |
|
|
|c 13572
|d 13572
|
| 100 |
1 |
|
|a Do Rg̊o Monteiro Filho, Carlos Edison
|
| 245 |
1 |
1 |
|a A Reforma dos Direitos Reais
|h [Recurso electrn̤ico] :
|b A Caminho da Unidade dos Direitos Patrimoniais /
|c Carlos Edison Do Rg̊o Monteiro Filho
|
| 256 |
|
|
|a Servicio en ln̕ea
|
| 260 |
|
|
|a Rio de Janeiro:
|b Editora Processo,
|c 2020
|
| 300 |
|
|
|a 1 recurso electrn̤ico
|
| 500 |
|
|
|a "Os textos aqui reunidos decorrem de trabalho de pesquisa, que tive a satisfaȯ̂ de coordenar, desenvolvido coletivamente no ḿbito do Programa de Ps̤-graduaȯ̂ em Direito da Uerj por mestres e doutores comprometidos com a investigaȯ̂ cientf̕ica e com o estudo das relaė̳s jurd̕icas em perspectiva crt̕ica, ̉luz das transformaė̳s do direito privado contemporńeo. Enganaram-se os que supunham que o ramo dos direitos das coisas restara infenso s̉ ondas de mudanȧ guiadas pela forȧ das novas tecnologias. Como se o papel das titularidades, associadas de algum modo ̉concepȯ̂ milenar de propriedade, se contivesse numa ilha de estabilidade em meio ao turbilhô revolucionr̀io que redefinia os institutos dos contratos e da responsabilidade civil. A impressô revelou-se falsa."
|
| 506 |
1 |
|
|a Disponible solo en los productos indicados
|d vLex Global
|d vLex Global (Academic Edition, excluding Law Schools)
|d vLex Global (U.S. Academic Edition, Law Schools)
|d vLex Global (U.S. Academic Edition, excluding Law Schools)
|d vLex Global (Academic Edition, Law Schools)
|
| 650 |
0 |
4 |
|a Derechos Reales
|z Brasil
|
| 740 |
0 |
|
|a vLex Libros (Servicio en ln̕ea)
|
| 856 |
4 |
0 |
|u https://app.vlex.com/#/sources/36721
|z Acceso restringido
|
| 942 |
|
|
|c BOOK
|